[Event "IND-ch 59th"]
[Site "New Delhi"]
[Date "2023.01.03"]
[Round "13"]
[White "Prithvvi, Singh"]
[Black "Sachi, Jain"]
[Result "1-0"]
[WhiteElo "1779"]
[BlackElo "1617"]
[PlyCount "109"]
[EventDate "2022.12.22"]
[EventType "swiss"]
[EventRounds "13"]
[EventCountry "IND"]
[SourceTitle "CBM 211 Extra"]
[Source "ChessBase"]
[SourceDate "2023.01.31"]
[SourceVersion "1"]
[SourceVersionDate "2023.01.31"]
[SourceQuality "1"]

1. e4 e5 2. Nf3 d6 3. d4 Nd7 4. dxe5 dxe5 5. Bc4 c6 6. 0-0 Be7 7. a4 h6 8. b3 Ngf6 9. Qe2 Qc7 10. Bb2 0-0 11. Nbd2 Bd6 12. Rfd1 Rd8 13. Nf1 Nf8 14. Nxe5 Bxe5 15. Rxd8 Bxb2 16. Rad1 N6d7 17. R1xd7 Bxd7 18. Rxa8 b5 19. axb5 Qb7 20. Rd8 Qc7 21. Ra8 Qb7 22. bxc6 Qxa8 23. cxd7 Nxd7 24. c3 Ba3 25. Qh5 Qe8 26. Qa5 Bc5 27. Bb5 Qe5 28. Qd8+ Nf8 29. Qd3 Ne6 30. Bc4 Ng5 31. Qd5 Qxd5 32. Bxd5 Kf8 33. h4 Nh7 34. b4 Bb6 35. Nd2 Nf6 36. Nc4 Bc7 37. Kf1 Ke7 38. Ke2 Nd7 39. g3 g5 40. hxg5 hxg5 41. Ne3 f6 42. Bb3 Be5 43. Nd5+ Kd8 44. f4 gxf4 45. gxf4 Bd6 46. Kf3 Bb8 47. Bc2 Bd6 48. Bd3 Bf8 49. Kg4 Bg7 50. Kf5 Nb6 51. c4 Nxd5 52. exd5 Bf8 53. c5 a5 54. d6 axb4 55. Ke6 1-0

[Event "IND-ch 59th"]
[Site "New Delhi"]
[Date "2023.01.02"]
[Round "12"]
[White "Shreyansh, Daklia"]
[Black "Prithvvi, Singh"]
[Result "1-0"]
[WhiteElo "2165"]
[BlackElo "1779"]
[PlyCount "125"]
[EventDate "2022.12.22"]
[EventType "swiss"]
[EventRounds "13"]
[EventCountry "IND"]
[SourceTitle "CBM 211 Extra"]
[Source "ChessBase"]
[SourceDate "2023.01.31"]
[SourceVersion "1"]
[SourceVersionDate "2023.01.31"]
[SourceQuality "1"]

1. Nf3 d5 2. b3 Bf5 3. Bb2 e6 4. g3 Nf6 5. Bg2 Nbd7 6. 0-0 Be7 7. d3 a5 8. a3 0-0 9. Nbd2 a4 10. b4 c5 11. b5 Ra5 12. c4 h6 13. h3 Re8 14. Re1 d4 15. Nh4 Qc7 16. Nxf5 exf5 17. Nf1 Bd6 18. Bc1 Raa8 19. Ra2 h5 20. e3 h4 21. gxh4 Be5 22. Qf3 dxe3 23. fxe3 b6 24. Qxf5 Rad8 25. Rc2 Bg3 26. Nxg3 Qxg3 27. Rf1 Ne5 28. Qg5 Qxg5 29. hxg5 Nh7 30. Bd5 Nxg5 31. d4 cxd4 32. exd4 Rxd5 33. cxd5 Ngf3+ 34. Kg2 Nxd4 35. Rd2 Nxb5 36. Re1 f6 37. Bb2 Rd8 38. Re4 Nd6 39. Rb4 Ndc4 40. Re2 Nxb2 41. Rbxb2 Nd3 42. Rb5 Nf4+ 43. Kf3 Nxe2 44. Kxe2 Rd6 45. Kd3 Kf7 46. Ke4 g5 47. Rb4 Kg6 48. Rxa4 Rd8 49. Ra6 Rh8 50. d6 Kf7 51. Kf5 Rxh3 52. Ra7+ Ke8 53. Kxf6 g4 54. Ke6 Rh6+ 55. Kd5 Rg6 56. Re7+ Kd8 57. Kc6 g3 58. Rh7 Re6 59. Rg7 Re5 60. Rg8+ Re8 61. Rxg3 Rh8 62. Rg7 b5 63. Ra7 1-0

[Event "IND-ch 59th"]
[Site "New Delhi"]
[Date "2022.12.29"]
[Round "8"]
[White "Prithvvi, Singh"]
[Black "Nagare, Akhilesh"]
[Result "0-1"]
[WhiteElo "1779"]
[BlackElo "2119"]
[PlyCount "64"]
[EventDate "2022.12.22"]
[EventType "swiss"]
[EventRounds "13"]
[EventCountry "IND"]
[SourceTitle "CBM 211 Extra"]
[Source "ChessBase"]
[SourceDate "2023.01.31"]
[SourceVersion "1"]
[SourceVersionDate "2023.01.31"]
[SourceQuality "1"]

1. Nf3 c5 2. c4 Nf6 3. Nc3 e6 4. g3 b6 5. Bg2 Bb7 6. 0-0 Be7 7. Re1 0-0 8. e4 d6 9. d4 cxd4 10. Nxd4 Qc8 11. Be3 Rd8 12. Rc1 Nbd7 13. f4 Nc5 14. Bf2 a6 15. b4 Ncd7 16. g4 Bf8 17. g5 Ne8 18. Bh3 Nc7 19. Qh5 g6 20. Qh4 Re8 21. Re3 Bg7 22. Rg3 Qd8 23. Nd5 exd5 24. Bxd7 Rxe4 25. Nf5 Qxd7 26. Nxg7 Ne6 27. Rh3 Nf8 28. Qh6 Qg4+ 29. Bg3 dxc4 30. Rh4 Qf3 31. Rc2 Qh1+ 32. Kf2 Re1 0-1

[Event "IND-ch 59th"]
[Site "New Delhi"]
[Date "2022.12.28"]
[Round "7"]
[White "Gurung, Rohit"]
[Black "Prithvvi, Singh"]
[Result "0-1"]
[WhiteElo "1948"]
[BlackElo "1779"]
[PlyCount "94"]
[EventDate "2022.12.22"]
[EventType "swiss"]
[EventRounds "13"]
[EventCountry "IND"]
[SourceTitle "CBM 211 Extra"]
[Source "ChessBase"]
[SourceDate "2023.01.31"]
[SourceVersion "1"]
[SourceVersionDate "2023.01.31"]
[SourceQuality "1"]

1. e4 c5 2. c3 d5 3. exd5 Qxd5 4. d4 g6 5. Nf3 Bg7 6. Na3 cxd4 7. Bc4 Qe4+ 8. Be3 Nh6 9. cxd4 0-0 10. 0-0 Bg4 11. Ng5 Qxe3 12. fxe3 Bxd1 13. Raxd1 Nc6 14. h3 Rac8 15. Rf2 b5 16. Bb3 Na5 17. g4 b4 18. Nc2 Nxb3 19. axb3 a5 20. Ra1 f5 21. Ne6 Rf6 22. Nxg7 fxg4 23. Rxf6 exf6 24. Ne6 Rxc2 25. hxg4 Nxg4 26. d5 Kf7 27. Rxa5 Ke7 28. e4 Kd6 29. Nf4 Ke5 30. Nd3+ Kxe4 31. d6 Rd2 32. Rd5 Ne5 33. d7 Nxd7 34. Rxd7 Rd1+ 35. Kg2 Rxd3 36. Rxh7 Rxb3 37. Rh4+ Kf5 38. Rc4 Rxb2+ 39. Kg3 Rb3+ 40. Kg2 g5 41. Rc6 Rc3 42. Rb6 b3 43. Rb4 g4 44. Kf2 Kg5 45. Kg2 f5 46. Kh2 Rc2+ 47. Kg3 f4+ 0-1

[Event "Uadjpur Pandiyar Memorial 7th"]
[Site "Uadjpur"]
[Date "2022.10.11"]
[Round "7"]
[White "Prithvvi, Singh"]
[Black "Ajay Santhosh, Parvathareddy"]
[Result "0-1"]
[WhiteElo "1796"]
[BlackElo "1725"]
[PlyCount "65"]
[EventDate "2022.10.08"]
[EventType "swiss"]
[EventRounds "9"]
[EventCountry "IND"]
[SourceTitle "CBM 210 Extra"]
[Source "ChessBase"]
[SourceDate "2022.11.30"]
[SourceVersion "1"]
[SourceVersionDate "2022.11.30"]
[SourceQuality "1"]

1. Nf3 Nf6 2. c4 g6 3. Nc3 Bg7 4. e4 d6 5. d4 0-0 6. Be2 e5 7. d5 Nbd7 8. 0-0 h6 9. a3 a5 10. Qc2 b6 11. Be3 Nh5 12. g3 Ndf6 13. Kg2 Qd7 14. Ng1 Ng4 15. Bd2 f5 16. exf5 gxf5 17. Bxg4 fxg4 18. Qg6 Qf5 19. Qxf5 Bxf5 20. Rfe1 Bd3 21. b3 Bc2 22. Rec1 Bd3 23. Be3 Rf7 24. Ra2 Nf6 25. Rd2 Bg6 26. Nge2 Kh7 27. Nb5 h5 28. Nec3 h4 29. h3 gxh3+ 30. Kxh3 Bf5+ 31. Kg2 hxg3 32. Kxg3 Ne4+ 33. Kg2 0-1

[Event "IND-ch U13 33rd"]
[Site "Visakhapatnam"]
[Date "2019.05.11"]
[Round "10"]
[White "Prithvvi, Singh"]
[Black "Manish, Kumar7"]
[Result "1/2-1/2"]
[WhiteElo "1593"]
[BlackElo "1953"]
[PlyCount "69"]
[EventDate "2019.05.04"]
[EventType "swiss"]
[EventRounds "11"]
[EventCountry "IND"]
[SourceTitle "CBM 190 Extra"]
[Source "ChessBase"]
[SourceDate "2019.07.15"]
[SourceVersion "1"]
[SourceVersionDate "2019.07.15"]
[SourceQuality "1"]

1. Nf3 Nf6 2. c4 g6 3. Nc3 Bg7 4. e4 d6 5. d4 0-0 6. Be2 e5 7. dxe5 dxe5 8. Qxd8 Rxd8 9. Bg5 c6 10. Nxe5 Re8 11. 0-0-0 Na6 12. Rd6 Nxe4 13. Nxe4 Bxe5 14. Nf6+ Bxf6 15. Bxf6 Bf5 16. Bd3 Bxd3 17. Rxd3 Nc5 18. Rd4 Re6 19. Bh4 Rae8 20. Rhd1 Kg7 21. f3 f6 22. Bf2 b6 23. Rd6 Kf7 24. Bxc5 bxc5 25. Rxe6 Rxe6 26. Rd7+ Re7 27. Rxe7+ Kxe7 28. Kd2 Ke6 29. Ke3 Ke5 30. f4+ Kf5 31. Kf3 h5 32. g3 g5 33. h3 g4+ 34. hxg4+ hxg4+ 35. Ke3 1/2-1/2

[Event "IND-ch U13 33rd"]
[Site "Visakhapatnam"]
[Date "2019.05.10"]
[Round "9"]
[White "Adireddy, Tarun"]
[Black "Prithvvi, Singh"]
[Result "0-1"]
[WhiteElo "1738"]
[BlackElo "1593"]
[PlyCount "158"]
[EventDate "2019.05.04"]
[EventType "swiss"]
[EventRounds "11"]
[EventCountry "IND"]
[SourceTitle "CBM 190 Extra"]
[Source "ChessBase"]
[SourceDate "2019.07.15"]
[SourceVersion "1"]
[SourceVersionDate "2019.07.15"]
[SourceQuality "1"]

1. d4 Nf6 2. c4 e6 3. Nc3 Bb4 4. f3 d5 5. a3 Bxc3+ 6. bxc3 c5 7. cxd5 Nxd5 8. dxc5 f5 9. Qc2 Nd7 10. e4 fxe4 11. fxe4 N5f6 12. c6 bxc6 13. Nf3 Qc7 14. Be2 0-0 15. 0-0 Ng4 16. g3 Ba6 17. Kg2 Bxe2 18. Qxe2 Qa5 19. Qc4 Nc5 20. e5 Rxf3 21. Rxf3 Nxe5 22. Qb4 Qxb4 23. axb4 Nxf3 24. bxc5 Ne1+ 25. Kf1 Nd3 26. Ba3 Ne5 27. Bb4 a6 28. Ke2 Kf7 29. h3 Ke7 30. Kd2 a5 31. Ke3 Rd8 32. Ba3 Nc4+ 33. Ke4 Nxa3 34. Rxa3 Ra8 35. Ra4 Kf6 36. Kf4 h5 37. h4 e5+ 38. Ke4 Ke6 39. c4 Rd8 40. Rxa5 Rd4+ 41. Ke3 Rxc4 42. Ra7 Rg4 43. Rc7 Kd5 44. Kf2 Kxc5 45. Rf7 Kd4 46. Rd7+ Kc4 47. Re7 Kd5 48. Rd7+ Kc5 49. Re7 Kd6 50. Re8 Rg6 51. Rd8+ Kc5 52. Re8 Kd5 53. Rh8 Rh6 54. Rg8 Rf6+ 55. Ke3 g6 56. Rd8+ Rd6 57. Ra8 c5 58. Ra1 Rb6 59. Rd1+ Ke6 60. Rd8 Rb3+ 61. Kf2 c4 62. Re8+ Kf5 63. Rf8+ Ke4 64. Rc8 c3 65. Rc4+ Kd3 66. Rc8 c2 67. Rd8+ Kc3 68. Rc8+ Kb2 69. Rxc2+ Kxc2 70. Kg2 e4 71. Kf2 Kd2 72. Kg2 Rf3 73. Kh2 e3 74. Kg2 Rf2+ 75. Kh3 e2 76. g4 e1Q 77. gxh5 Qe3+ 78. Kg4 Qf4+ 79. Kh3 Rh2# 0-1